[Event "St Veit op-B 37th"]
[Site "St Veit"]
[Date "2018.07.09"]
[Round "4"]
[White "Teuchert, Steffen"]
[Black "Bornet, Rene"]
[Result "1/2-1/2"]
[WhiteElo "1831"]
[BlackElo "2007"]
[PlyCount "100"]
[EventDate "2018.07.07"]
[EventType "swiss"]
[EventRounds "9"]
[EventCountry "AUT"]
[SourceTitle "EXT 2020"]
[Source "ChessBase"]
[SourceDate "2019.10.17"]
[SourceVersion "1"]
[SourceVersionDate "2019.10.17"]
[SourceQuality "1"]

1. e4 g6 2. d4 Bg7 3. Nf3 d6 4. Nc3 a6 5. Be2 Nf6 6. 0-0 0-0 7. h3 Nbd7 8. e5 Ne8 9. Bc4 Nb6 10. Bb3 d5 11. Qe2 c6 12. Bd2 Be6 13. Nd1 a5 14. a4 Nc4 15. Bxc4 dxc4 16. Ne3 Bd5 17. c3 b5 18. Nxd5 Qxd5 19. Rfe1 Nc7 20. Qe4 Qxe4 21. Rxe4 e6 22. h4 h5 23. Bg5 Nd5 24. Nd2 Rfb8 25. Ree1 Nb6 26. axb5 cxb5 27. Be7 Nd5 28. Bd6 Rb7 29. g3 b4 30. Nxc4 bxc3 31. bxc3 a4 32. Ra3 Rb6 33. Rea1 Rc8 34. Rxa4 Nxc3 35. Ra8 Rxa8 36. Rxa8+ Kh7 37. Bc5 Rb7 38. Ra7 Rxa7 39. Bxa7 f6 40. f4 f5 41. Bc5 Kg8 42. Nd6 Bf8 43. Nb7 Na4 44. Kf2 Nc3 45. Kf3 Ne4 46. Nd6 Nc3 47. Ke3 Be7 48. Kd3 Nd5 49. Nb7 Kf7 50. Bxe7 Kxe7 1/2-1/2

[Event "Dresden ZMD op"]
[Site "Dresden"]
[Date "2010.07.18"]
[Round "9"]
[White "Viereck, Axel"]
[Black "Teuchert, Steffen"]
[Result "0-1"]
[WhiteElo "1346"]
[BlackElo "1931"]
[PlyCount "24"]
[EventDate "2010.07.10"]
[EventType "swiss"]
[EventRounds "9"]
[EventCountry "GER"]
[SourceTitle "CBM 137 Extra"]
[Source "ChessBase"]
[SourceDate "2010.09.01"]
[SourceVersion "1"]
[SourceVersionDate "2010.09.01"]
[SourceQuality "1"]

1. d4 Nf6 2. c4 e6 3. Nc3 Bb4 4. Qc2 c5 5. e3 Nc6 6. Bd2 cxd4 7. Nb5 Bxd2+ 8. Qxd2 Ne4 9. Qd3 Qa5+ 10. Ke2 d5 11. Nxd4 Ne5 12. Qb3 Qd2# 0-1

[Event "Chemnitz op 8th"]
[Site "Chemnitz"]
[Date "2009.10.01"]
[Round "1"]
[White "Teuchert, Steffen"]
[Black "Lanka, Zigurds"]
[Result "0-1"]
[WhiteElo "1937"]
[BlackElo "2496"]
[PlyCount "72"]
[EventDate "2009.10.01"]
[EventType "swiss"]
[EventRounds "7"]
[EventCountry "GER"]
[SourceTitle "CBM 132 Extra"]
[Source "ChessBase"]
[SourceDate "2009.11.03"]
[SourceVersion "1"]
[SourceVersionDate "2009.11.03"]
[SourceQuality "1"]

1. e4 c5 2. Nf3 Nc6 3. d4 cxd4 4. Nxd4 Nf6 5. Nc3 d6 6. Be2 e5 7. Nb3 Be7 8. 0-0 0-0 9. Be3 a5 10. a4 Nb4 11. f4 Bd7 12. Kh1 Bc6 13. Bf3 Qc7 14. fxe5 dxe5 15. Qe2 b6 16. Rfd1 Qb7 17. Bg5 Rac8 18. Nd2 Nxc2 19. Rac1 Nd4 20. Qf2 Ne6 21. Bxf6 Bxf6 22. Nd5 Bg5 23. b3 Nd4 24. Rb1 Bxd5 25. exd5 Rc2 26. Be4 Ra2 27. Qe1 f5 28. Bd3 Rxd2 29. Rxd2 Bxd2 30. Qxd2 Kh8 31. Bc4 Qc7 32. Qb2 Qd6 33. Re1 h6 34. Qc3 f4 35. Rf1 Nf5 36. Qd3 Qf6 0-1